Statistics for North Macedonia Country Quiz

Click here to take the quiz!

General Stats

  • This quiz has been taken 20,466 times
    (20,034 since last reset)
  • The average score is 12 of 16

Answer Stats

hintanswer% Correct
Countries bordering North MacedoniaGreece
98%
Countries bordering North MacedoniaAlbania
97%
Countries bordering North MacedoniaSerbia
97%
Countries bordering North MacedoniaKosovo
96%
Countries bordering North MacedoniaBulgaria
95%
Country from which North Macedonia gained its independence in 1991Yugoslavia
91%
CapitalSkopje
90%
Ancient Macedonian ruler who conquered what is today North MacedoniaAlexander / Philip II
84%
Famous nun (now a saint) born in the capital in 1910Mother Teresa
82%
Object depicted on the flagSun
79%
Alphabet from which the Macedonian alphabet is derivedCyrillic
74%
North Macedonia was also known by these five initials until 2019FYROM
56%
Country that receives 48% of North Macedonia's exportsGermany
54%
CurrencyDenar
45%
What is the Vardar?a River
39%
One of the most populous cities in Europe in the year 1000 A.D.,
which shares its name with the lake on which it lies
Ohrid
32%

Score Distribution

Percentile by Number Answered

Percent of People with Each Score

Your Score History

You have not taken this quiz since the last reset